| 000 | 01269nam a2200253 a 4500 | ||
|---|---|---|---|
| 005 | 20150105092041.0 | ||
| 008 | 140129b2007 ck ||||| |||| 00| 0 spa d | ||
| 040 | _cCO-BoIH | ||
| 041 | _aspa | ||
| 044 | _ack | ||
| 090 |
_aIAVH _b01076 |
||
| 100 |
_aAguía Agudelo, Alan _92203 |
||
| 245 | _aManual de instalación de la aplicación Web de Archivos de Autoriadad Taxonómica | ||
| 260 |
_aBogotá _bInstituto Alexander von Humboldt _c2007 |
||
| 300 | _a8 p. | ||
| 520 | _aEl manual de instalación de la aplicación web de archivos de autoridad taxonómica AAT, fue desarrollado para proveer un mecanismo mediante el cual, un usuario con conocimientos en sistemas, esté en capadicad de instalar la aplicación AAT bajo su propia infraestructura. Este manual cuenta con los requerimientos y pasos de instalación que deben ser tenidos en cuenta para que la AAT funcione localmente. Adicionalmente, cuenta con una serie de consideraciones para la adecuación del índice y algunas consideraciones del buscador y la base de datos | ||
| 650 |
_aAplicación _930807 |
||
| 650 |
_aInstalación _95852 |
||
| 650 |
_aAplicación web _95879 |
||
| 650 |
_aArchivos de autoridad taxonómica _95843 |
||
| 650 |
_aAAT _95835 |
||
| 942 |
_cINFORME _2z |
||
| 945 | _d2008-08-07 | ||
| 999 |
_c6463 _d6463 |
||